Koncept komunikácie V2V a V2X pri použití 5G a VLC technológie
Salvato in:
| Autore principale: | |
|---|---|
| Altri autori: | |
| Natura: | Manoscritto Libro |
| Lingua: | slovacco |
| Pubblicazione: |
Bratislava :
STU v Bratislave FEI,
2021
|
| Soggetti: | |
| Accesso online: | https://opac.crzp.sk/?fn=detailBiblioForm&sid=1D055279E2D1258CB87D231E7F1A&seo=CRZP-detail-kniha |
| Tags: |
Nessun Tag, puoi essere il primo ad aggiungerne!!
|
MARC
| LEADER | 00000ntm a22000003a 4500 | ||
|---|---|---|---|
| 001 | stuzp82443 | ||
| 003 | SK-STU | ||
| 005 | 20211129110654.4 | ||
| 007 | ta | ||
| 008 | 150427s2015----xo-----f-mn---000-0-slo-d | ||
| 040 | |a STU |b slo | ||
| 041 | 0 | |a slo | |
| 044 | |a xo | ||
| 100 | 1 | |a Hecl, David |u 037000 |4 aut |U FEI Fakulta elektrotechniky a informatiky |T FEI Ústav multimediálnych informačných a komunikačných technológií |X 79546 |U E070 |Y 818 |7 79546 | |
| 242 | 0 | 1 | |a The concept of V2V and V2X communication using 5G and VLC technology |y eng |
| 245 | 1 | 0 | |a Koncept komunikácie V2V a V2X pri použití 5G a VLC technológie |
| 260 | |a Bratislava : |b STU v Bratislave FEI, |c 2021 | ||
| 300 | |a 95 s. | ||
| 650 | 4 | |a V2V |2 slo | |
| 650 | 4 | |a V2X |2 slo | |
| 650 | 4 | |a VLC |2 slo | |
| 650 | 4 | |a 5G |2 slo | |
| 650 | 4 | |a V2V |2 eng | |
| 650 | 4 | |a V2X |2 eng | |
| 650 | 4 | |a 5G |2 eng | |
| 650 | 4 | |a VLC |2 eng | |
| 700 | 1 | |a Baroňák, Ivan |u 037000 |k Z1 |4 ths |U FEI Fakulta elektrotechniky a informatiky |T FEI Ústav multimediálnych informačných a komunikačných technológií |X 1925 |U E070 |Y 818 |7 A000001925 | |
| 856 | 4 | |u https://opac.crzp.sk/?fn=detailBiblioForm&sid=1D055279E2D1258CB87D231E7F1A&seo=CRZP-detail-kniha | |